000 00753nam a2200193Ia 4500
008 151121s9999||||xx |||||||||||||| ||und||
082 _a081/सांकृत्या
082 _bHNW-64702
100 _aसांकृत्यायन कमला
245 _aराहुल वाङ्मय खंड-2 भाग-3
260 _b"राधाकृष्ण प्रकाशन, दिल्ली।"
260 _c--
300 _a363
600 _aसांकृत्यायन कमला
630 _aराहुल वाङ्मय खंड-2 भाग-3
700 _aसांकृत्यायन कमला
730 _aराहुल वाङ्मय खंड-2 भाग-3
942 _cBOOK
999 _c1246228
_d1246225